000 00665cam a2200241 4500
001 1729564
003 OSt
005 20170224140350.0
008 720612s1972 nyu b 000 0 eng
010 _a 73187599
020 _a0690447450
040 _aDLC
_cDLC
_dDLC
050 0 0 _aLB41
_b.C327 1972
082 0 0 _a370/.8
100 1 _aCann, Marjorie Mitchell,
_d1914-
_ecomp.
245 1 3 _aAn introduction to education;
_bselected readings.
260 _aNew York,
_bCrowell
_c[1972]
300 _axi, 419 p.
_c23 cm.
504 _aIncludes bibliographies.
650 0 _aEducation.
906 _a7
_bcbc
_corignew
_d2
_encip
_f19
_gy-gencatlg
942 _2lcc
_cBK
999 _c255714
_d255713